000 00619pam a2200181 a 4500
020 _a0070273669
040 _cDLC
082 _a004 HAY 1988 C279 Or.
100 1 _aHayes, John P.
245 1 0 _aComputer architecture and organization /
250 _a2nd ed
260 _aNew York :
_bMcGraw-Hill,
_cc1988
300 _axv, 702 p. :
_bill. ;
_c25 cm
500 _a"Intended primarily as a text for computer science and electrical engineering courses at the advanced undergraduate or beginning graduate levels"--P. xiii
650 0 _aComputer architecture
650 0 _aElectronic digital computers
942 _cAEDBB
999 _c22201
_d22201